000 00318nam a2200121Ia 4500
008 231129s9999||||xx |||||||||||||| ||spa||
020 _a958-33-0702-5
040 _bspa
082 _a617.1 T777
245 0 _aTrauma
264 _aSociedad Panamericana de Trauma
942 _2ddc
_cBKS
999 _c25644
_d25644